000 00538cam a22001814a 4500
005 20250605164302.0
008 250528s ||||||||||||||||||||||||d
035 _a22140
040 _aGR-AtMCL
_bgre
_dGR-AtMCL
_eAACR2
245 1 _aΗΛΕΚΤΡΟΜΑΓΝΗΤΙΣΜΟΣ ΣΤΟΙΧΕΙΑ ΘΕΩΡΙΑΣ ΚΑΙ ΑΣΚΗΣΕΙΣ ΤΟΜΟΣ Α
250 _a1
260 _bΑυτοεκδοση,
_c2003
300 _a326
700 1 _aΤσιμπουκης Θεοδωρος Δ
_95911
942 _cBK
999 _c7196
_d7196